Spell the Marvel Character #228 - Statistics

General Stats
  • This quiz has been taken 16 times
  • The average score is 8 of 11
Answer Stats
Picture Answer % Correct
Black Widow
100%
Captain Marvel
100%
Iron Man
100%
Angel
93%
Hawkeye
93%
Galacta
73%
Ka-Zar
73%
Thunderstrike
73%
Blacklight
40%
Luna Snow
40%
Lifeguard
20%
No matching quizzes found
Score Distribution
Percent of People with Each Score
Percentile by Number Answered
Your Score History
You have not taken this quiz